000 00441nam a2200169Ia 4500
008 131103s9999 xx 000 0 und d
040 _aLoreto College
041 _aEnglish
082 _a891.4309/NAG
_bLCLIB/37007
100 _aNagendra
245 _aHindi Sahitya itihas
_cNagendra
260 _a[s.l]
_bMayur Paper Books
_c1992
300 _a791 p.
_c 21 cm.
650 _aHindi Literature - History
850 _aLCLIB
942 _cBK
999 _c19730
_d70209